01341 a2200193 45000010006000000050017000060080041000230030015000640400040000790800104001192450244002230200018004672640033004853000019005185050477005370410008010141000024010228560101010464113320260407155705.0260407a2003 arg spa dAR-UNSa-BCEJYS aAR-UNSa-BCEJYSbspacAR-UNSa-BCEJYS a343.5xDelitos contra el crédito o fe pública, la ética y la familia (delitos informáticos)10aDelitos relacionados con el sistema integrado de jubilaciones y pensionespIncorporación y traspaso indebido de trabajadores. Inversiones ilícitas de fondos. Incumplimiento de las prestaciones previsionales. Análisis de la Ley 24.241 a950-894-402-1 1aBuenos Aires :bAD-HOCc2003 a397 p.c23 cm. a1. Delitos contra la integración de los fondos del SIJP (Arts. 132 y 133) - 2. Delitos contra la adecuada imputación de los depósitos al SIJP (Art. 134) - 3. Delitos contra la libertad de elección de la AFJP (Art. 135) - 4. Delitos contra el deber de información (Art. 136) - 5. Delitos contra un fondo de jubiliaciones y pensiones (Arts. 138, 139, 140 y 141) - 6. Delitos por incumplimiento de las prestaciones. Omisión de efectivizar prestaciones (Art. 142)  aspa1 aMarum, Elizabeth A.41uhttps://biblioeco.unsa.edu.ar/pmb/images/libros/delitos_Marum.jpgyImagen de portadaqimage/jpeg